Data Processing: Volume 1 Principle and Practice. (Record no. 51)

MARC details
005 - DATE AND TIME OF LATEST TRANSACTION
control field 20250607101021.0
020 ## - INTERNATIONAL STANDARD BOOK NUMBER
International Standard Book Number 0-7121-0696-0
082 ## - DEWEY DECIMAL CLASSIFICATION NUMBER
Classification number 001.6 AND
100 ## - MAIN ENTRY--PERSONAL NAME
Author name ANDERSON, R. G.
245 ## - TITLE STATEMENT
Title Data Processing: Volume 1 Principle and Practice.
250 ## - EDITION STATEMENT
Edition statement 6th Ed.
260 ## - PUBLICATION, DISTRIBUTION, ETC.
Place of publication, distribution, etc. London,
Name of publisher, distributor, etc. Pitman,
Date of publication, distribution, etc. 1987.
300 ## - PHYSICAL DESCRIPTION
Extent xi,400p.: ill.; figure, table.
Other physical details Index
Dimensions 18cm
942 ## - ADDED ENTRY ELEMENTS (KOHA)
Source of classification or shelving scheme Dewey Decimal Classification
Koha item type Books
Holdings
Date last seen Total checkouts Full call number Barcode Cost, replacement price Price effective from Koha item type Lost status Source of classification or shelving scheme Damaged status Not for loan Withdrawn status Home library Current library Shelving location Date acquired Cost, normal purchase price
03/06/2025   001.6 AND 000000117 30000.00 03/06/2025 Books   Dewey Decimal Classification       College of Business Education Main Library College of Business Education Main Library General Collection 03/06/2025 10000.00
03/06/2025   001.6 AND 000000118 30000.00 03/06/2025 Books   Dewey Decimal Classification       College of Business Education Main Library College of Business Education Main Library General Collection 03/06/2025 10000.00
03/06/2025   001.6 AND 000000119 30000.00 03/06/2025 Books   Dewey Decimal Classification       College of Business Education Main Library College of Business Education Main Library General Collection 03/06/2025 10000.00
03/06/2025   001.6 AND 000000120 30000.00 03/06/2025 Books   Dewey Decimal Classification       College of Business Education Main Library College of Business Education Main Library General Collection 03/06/2025 10000.00
03/06/2025   001.6 AND 000000121 30000.00 03/06/2025 Books   Dewey Decimal Classification       College of Business Education Main Library College of Business Education Main Library General Collection 03/06/2025 10000.00